[Event "Titled Tuesday intern op 20th Dec Late"]
[Site "Chess.com INT"]
[Date "2022.12.20"]
[Round "9"]
[White "Bas Mas, Jose Joaquin"]
[Black "Young, Ryan"]
[Result "1-0"]
[WhiteElo "2241"]
[BlackElo "1888"]
[PlyCount "181"]
[EventDate "2022.12.20"]
[EventType "swiss (blitz)"]
[EventRounds "11"]
[EventCountry "USA"]
[SourceTitle "EXT 2024"]
[Source "ChessBase"]
[SourceDate "2023.10.10"]
[SourceVersion "1"]
[SourceVersionDate "2023.10.10"]
[SourceQuality "1"]

1. e4 c5 2. Nc3 d6 3. f4 g6 4. Bb5+ Bd7 5. a4 Bg7 6. Nf3 e6 7. 0-0 Ne7 8. d3 0-0 9. Qe1 a6 10. Bc4 Nbc6 11. Ba2 Nd4 12. Nxd4 cxd4 13. Ne2 Bc6 14. Bb3 Qb6 15. a5 Qc7 16. Qf2 d5 17. e5 Nf5 18. Nxd4 Nxd4 19. Qxd4 Rac8 20. Bd2 Bb5 21. Bb4 Rfd8 22. Rae1 Bf8 23. g4 Bc5 24. Bxc5 Qxc5 25. Qxc5 Rxc5 26. f5 Bd7 27. fxg6 hxg6 28. Rf6 Rxa5 29. Ref1 Be8 30. d4 Rc8 31. h4 Kg7 32. h5 gxh5 33. gxh5 Rc7 34. Kh2 Ba4 35. Rg1+ Kh7 36. Bxa4 Rxa4 37. c3 Ra2 38. Rg2 b5 39. h6 b4 40. cxb4 Ra4 41. Rg7+ Kh8 42. Rfxf7 Rxf7 43. Rxf7 Rxb4 44. Re7 Rb6 45. Kg3 a5 46. Kg4 a4 47. Kg5 Rb8 48. Kg6 Rg8+ 49. Kf6 Rb8 50. Kxe6 Rb6+ 51. Kxd5 Rxh6 52. e6 Rh2 53. Kd6 Rxb2 54. Ra7 Rb6+ 55. Ke5 Kg8 56. Rxa4 Rb5+ 57. d5 Rb1 58. Ra7 Re1+ 59. Kd6 Rb1 60. Ra8+ Kg7 61. e7 Re1 62. Kd7 Rd1 63. e8Q Rxd5+ 64. Kc6 Rf5 65. Ra7+ Kf6 66. Qd8+ Kg6 67. Qd6+ Rf6 68. Qxf6+ Kxf6 69. Rd7 Kf5 70. Rd1 Kf4 71. Kd5 Ke3 72. Re1+ Kf2 73. Re4 Kf3 74. Kd4 Kg3 75. Re3+ Kf4 76. Re2 Kf5 77. Re1 Kf6 78. Kd5 Kf5 79. Rf1+ Kg4 80. Ke4 Kg3 81. Rf8 Kg2 82. Ke3 Kg1 83. Ke2 Kg2 84. Rg8+ Kh3 85. Kf3 Kh4 86. Rg1 Kh5 87. Kf4 Kh6 88. Kf5 Kh7 89. Kf6 Kh8 90. Kf7 Kh7 91. Rh1# 1-0

[Event "Titled Tuesday intern op 20th Dec Late"]
[Site "Chess.com INT"]
[Date "2022.12.20"]
[Round "7"]
[White "Hambleton, Aman"]
[Black "Young, Ryan"]
[Result "1-0"]
[WhiteElo "2437"]
[BlackElo "1888"]
[PlyCount "129"]
[EventDate "2022.12.20"]
[EventType "swiss (blitz)"]
[EventRounds "11"]
[EventCountry "USA"]
[SourceTitle "EXT 2024"]
[Source "ChessBase"]
[SourceDate "2023.10.10"]
[SourceVersion "1"]
[SourceVersionDate "2023.10.10"]
[SourceQuality "1"]

1. d4 Nf6 2. Bf4 d5 3. e3 c5 4. c3 Nc6 5. Nd2 Bf5 6. Qb3 Qd7 7. dxc5 e5 8. Bg3 Bxc5 9. Ngf3 Bd6 10. Bb5 Qe7 11. 0-0 h6 12. Qa4 Rc8 13. Qxa7 0-0 14. Qa4 g5 15. Rfe1 Kh7 16. a3 Rg8 17. c4 h5 18. cxd5 Nxd5 19. Bxc6 Rxc6 20. e4 Nb6 21. Qb5 Bg6 22. Bxe5 Rc5 23. Qxb6 Bxe5 24. Nxe5 Qxe5 25. Nf3 Qe7 26. Nd4 Re5 27. f3 g4 28. Ne2 gxf3 29. Nf4 Bxe4 30. g3 f2+ 31. Qxf2 h4 32. Re3 hxg3 33. Rxg3 Rg6 34. Nxg6 fxg6 35. Re1 Rg5 36. Rxg5 Qxg5+ 37. Qg3 Qf5 38. h3 Kg7 39. Qc7+ Kh6 40. Qg3 Kg7 41. Qe3 Bc6 42. Qe7+ Kh6 43. Qh4+ Qh5 44. Qxh5+ Kxh5 45. Kf2 g5 46. Kg3 Kg6 47. Re5 Kf6 48. Rc5 Kg6 49. b4 Kf6 50. b5 Be4 51. a4 Kg6 52. a5 Kf6 53. a6 bxa6 54. bxa6 Kg6 55. a7 Kh5 56. h4 Kh6 57. Rxg5 Bc6 58. Kf4 Kh7 59. Ke5 Bb7 60. Kd6 Be4 61. Kc7 Bh1 62. Kb8 Bc6 63. a8Q Bd7 64. Qe4+ Kh8 65. Qg6 1-0

[Event "Titled Tuesday intern op 20th Dec Late"]
[Site "Chess.com INT"]
[Date "2022.12.20"]
[Round "11"]
[White "Young, Ryan"]
[Black "Gerbelli Neto, Eduardo"]
[Result "1-0"]
[WhiteElo "1888"]
[BlackElo "2114"]
[PlyCount "91"]
[EventDate "2022.12.20"]
[EventType "swiss (blitz)"]
[EventRounds "11"]
[EventCountry "USA"]
[SourceTitle "EXT 2024"]
[Source "ChessBase"]
[SourceDate "2023.10.10"]
[SourceVersion "1"]
[SourceVersionDate "2023.10.10"]
[SourceQuality "1"]

1. e4 e5 2. Nf3 Nc6 3. d4 exd4 4. Nxd4 Bc5 5. Be3 Qf6 6. Nb5 Bxe3 7. fxe3 Qh4+ 8. g3 Qxe4 9. Nxc7+ Kd8 10. Nxa8 Nf6 11. Nc3 Qxh1 12. Qd6 Ne8 13. Qf4 Qxh2 14. 0-0-0 Qh6 15. Qf3 Ne5 16. Qe4 f6 17. Qd4 b6 18. Nxb6 axb6 19. Qxb6+ Ke7 20. Qc5+ Kd8 21. Nd5 Bb7 22. Qb6+ Kc8 23. Ne7+ Kb8 24. Ba6 Nd6 25. Qxd6+ Ka7 26. Bxb7 Qxe3+ 27. Kb1 Kxb7 28. Nd5 Qf2 29. Qb4+ Kc8 30. Qa5 Kb7 31. Qb5+ Kc8 32. Qa6+ Kb8 33. a3 Qc5 34. Nb6 Qc6 35. Nxd7+ Kc7 36. Qa7+ Qb7 37. Qxb7+ Kxb7 38. Nc5+ Kc6 39. Ne6 Rg8 40. b4 g6 41. Kb2 Nc4+ 42. Kb3 Nb6 43. Nd4+ Kb7 44. c4 Re8 45. c5 Nd5 46. Rc1 1-0

[Event "Titled Tuesday intern op 20th Dec Late"]
[Site "Chess.com INT"]
[Date "2022.12.20"]
[Round "1"]
[White "Young, Ryan"]
[Black "Goryachkina, Aleksandra"]
[Result "0-1"]
[WhiteElo "1888"]
[BlackElo "2584"]
[PlyCount "92"]
[EventDate "2022.12.20"]
[EventType "swiss (blitz)"]
[EventRounds "11"]
[EventCountry "USA"]
[SourceTitle "EXT 2024"]
[Source "ChessBase"]
[SourceDate "2023.10.10"]
[SourceVersion "1"]
[SourceVersionDate "2023.10.10"]
[SourceQuality "1"]

1. e4 c5 2. c3 Nf6 3. e5 Nd5 4. Nf3 e6 5. d4 cxd4 6. cxd4 d6 7. Bc4 Be7 8. 0-0 0-0 9. Qe2 a6 10. Rd1 b5 11. Bd3 Bb7 12. Bd2 Nd7 13. Nc3 dxe5 14. dxe5 Nc5 15. Bb1 Nxc3 16. Bxc3 Qc7 17. Qc2 Be4 18. Qe2 Bxb1 19. Raxb1 Rfd8 20. Rbc1 Rxd1+ 21. Rxd1 Rd8 22. h3 h6 23. Rxd8+ Qxd8 24. Bb4 Na4 25. Bxe7 Qxe7 26. b3 Nc3 27. Qc2 b4 28. a3 a5 29. axb4 axb4 30. Nd2 Qc7 31. Nc4 Qc5 32. Qd3 Nd5 33. g3 Qa7 34. Nd6 Qa1+ 35. Kg2 Qxe5 36. Ne4 Qc7 37. Qd4 g6 38. h4 h5 39. Ng5 Qc6 40. Kh2 Qc7 41. Kg2 Qd8 42. Kh2 Qf6 43. Qa7 Kg7 44. Kg2 Qf5 45. Kg1 Qf6 46. Kg2 Qe7 0-1

[Event "Titled Tuesday intern op 20th Dec Late"]
[Site "Chess.com INT"]
[Date "2022.12.20"]
[Round "10"]
[White "Young, Ryan"]
[Black "Liu, Kelsey"]
[Result "1-0"]
[WhiteElo "1888"]
[BlackElo "1966"]
[PlyCount "51"]
[EventDate "2022.12.20"]
[EventType "swiss (blitz)"]
[EventRounds "11"]
[EventCountry "USA"]
[SourceTitle "EXT 2024"]
[Source "ChessBase"]
[SourceDate "2023.10.10"]
[SourceVersion "1"]
[SourceVersionDate "2023.10.10"]
[SourceQuality "1"]

1. e4 c5 2. c3 Nf6 3. e5 Nd5 4. Nf3 Nc6 5. Bc4 Nb6 6. Bb3 c4 7. Bc2 d6 8. exd6 Qxd6 9. 0-0 Bg4 10. Re1 e6 11. b3 Qc7 12. Na3 cxb3 13. axb3 a6 14. d4 Be7 15. Nc4 Nxc4 16. bxc4 0-0 17. c5 b6 18. cxb6 Qxb6 19. Bf4 Rfc8 20. h3 Bh5 21. Bxh7+ Kxh7 22. Ng5+ Bxg5 23. Qxh5+ Bh6 24. Bxh6 gxh6 25. Qxf7+ Kh8 26. Rxe6 1-0

[Event "Titled Tuesday intern op 13th Dec Late"]
[Site "Chess.com INT"]
[Date "2022.12.13"]
[Round "5"]
[White "D'Arruda, Ricardo D"]
[Black "Young, Ryan"]
[Result "0-1"]
[WhiteElo "2271"]
[BlackElo "1888"]
[PlyCount "92"]
[EventDate "2022.12.13"]
[EventType "swiss (blitz)"]
[EventRounds "11"]
[EventCountry "USA"]
[SourceTitle "EXT 2024"]
[Source "ChessBase"]
[SourceDate "2023.10.10"]
[SourceVersion "1"]
[SourceVersionDate "2023.10.10"]
[SourceQuality "1"]

1. d4 Nf6 2. Nf3 d5 3. c4 e6 4. Nc3 Bb4 5. Bd2 0-0 6. e3 c5 7. dxc5 Bxc5 8. Rc1 dxc4 9. Bxc4 Nc6 10. 0-0 b6 11. Qe2 Bb7 12. Rfd1 Qe7 13. e4 e5 14. Bg5 Nd4 15. Nxd4 Bxd4 16. Nd5 Bxd5 17. Bxd5 Rac8 18. Bb3 Qd6 19. Kh1 Nd7 20. f3 Nc5 21. Bd5 Ne6 22. Bd2 Rfd8 23. Bc3 Bxc3 24. bxc3 Nf4 25. Qe3 Qa3 26. Bb3 Kf8 27. g3 Ng6 28. Qg5 Qe7 29. Qe3 Qc5 30. Qe1 a5 31. h4 Ne7 32. Kg2 Rd6 33. Rxd6 Qxd6 34. Rd1 Qc7 35. Rd3 Rd8 36. Qd2 Rxd3 37. Qxd3 g6 38. g4 Kg7 39. g5 Nc6 40. Qd5 Nd8 41. Kg3 Ne6 42. Qd2 Nf4 43. Bd5 Qc5 44. Kh2 a4 45. c4 a3 46. Qc2 Qc8 0-1

[Event "Titled Tuesday intern op 13th Dec Late"]
[Site "Chess.com INT"]
[Date "2022.12.13"]
[Round "11"]
[White "Jimenez Almeida, Luis David"]
[Black "Young, Ryan"]
[Result "1-0"]
[WhiteElo "2244"]
[BlackElo "1888"]
[PlyCount "53"]
[EventDate "2022.12.13"]
[EventType "swiss (blitz)"]
[EventRounds "11"]
[EventCountry "USA"]
[SourceTitle "EXT 2024"]
[Source "ChessBase"]
[SourceDate "2023.10.10"]
[SourceVersion "1"]
[SourceVersionDate "2023.10.10"]
[SourceQuality "1"]

1. e4 e5 2. Nf3 Nc6 3. Bb5 a6 4. Ba4 Nf6 5. 0-0 Be7 6. d3 b5 7. Bb3 d6 8. Re1 0-0 9. c3 Nb8 10. a4 Bb7 11. Nbd2 Nbd7 12. Bc2 c5 13. Nf1 g6 14. Bh6 Re8 15. h3 Bf8 16. Bg5 Qc7 17. Ne3 d5 18. Ng4 Nxg4 19. hxg4 d4 20. Qd2 Bg7 21. Kh2 f6 22. Bh6 g5 23. Bxg7 Kxg7 24. Ng1 Nf8 25. Ne2 Ng6 26. Ng3 Qd6 27. Nf5+ 1-0

[Event "Titled Tuesday intern op 13th Dec Late"]
[Site "Chess.com INT"]
[Date "2022.12.13"]
[Round "3"]
[White "Young, Ryan"]
[Black "Danielyan, Vahe"]
[Result "1/2-1/2"]
[WhiteElo "1888"]
[BlackElo "2307"]
[PlyCount "123"]
[EventDate "2022.12.13"]
[EventType "swiss (blitz)"]
[EventRounds "11"]
[EventCountry "USA"]
[SourceTitle "EXT 2024"]
[Source "ChessBase"]
[SourceDate "2023.10.10"]
[SourceVersion "1"]
[SourceVersionDate "2023.10.10"]
[SourceQuality "1"]

1. d4 d5 2. c4 e6 3. Nf3 c5 4. g3 Nf6 5. Bg2 dxc4 6. 0-0 cxd4 7. Nxd4 Bc5 8. Qa4+ Bd7 9. Qxc4 Bxd4 10. Qxd4 Bc6 11. Qxd8+ Kxd8 12. Nc3 Bxg2 13. Kxg2 Nc6 14. Rd1+ Ke7 15. b3 Rhd8 16. Ba3+ Ke8 17. Nb5 Rac8 18. Nd6+ Rxd6 19. Bxd6 Nd5 20. e3 f5 21. Bc5 a6 22. Bd4 g6 23. Rac1 Kf7 24. Kf1 Re8 25. Ke2 e5 26. Bc5 Ke6 27. Rd2 e4 28. Rcd1 Nc3+ 29. Ke1 Nxd1 30. Rxd1 Rd8 31. Rxd8 Nxd8 32. Kd2 Nc6 33. h3 Kd5 34. Bf8 Ne5 35. Bg7 Nd3 36. Ke2 Nc1+ 37. Kd2 Nxa2 38. Bf8 a5 39. Kc2 Nb4+ 40. Bxb4 axb4 41. Kd2 g5 42. Ke2 Ke5 43. Kf1 h6 44. Ke2 f4 45. g4 Kf6 46. Kf1 h5 47. Kg1 Kg6 48. Kf1 b6 49. Kg1 Kh6 50. Kf1 Kg6 51. Ke1 hxg4 52. hxg4 Kf6 53. Kd1 Ke5 54. Ke1 fxe3 55. fxe3 Kd5 56. Kd1 Ke5 57. Kd2 Kd5 58. Ke1 Ke5 59. Kd1 Kd5 60. Ke1 Ke5 61. Kd1 Kd5 62. Ke1 1/2-1/2

[Event "Titled Tuesday intern op 29th Nov Late"]
[Site "Chess.com INT"]
[Date "2022.11.29"]
[Round "2"]
[White "Aggelis, Nikolaos"]
[Black "Young, Ryan"]
[Result "1/2-1/2"]
[WhiteElo "2278"]
[BlackElo "1888"]
[PlyCount "80"]
[EventDate "2022.11.29"]
[EventType "swiss (blitz)"]
[EventRounds "11"]
[EventCountry "USA"]
[SourceTitle "EXT 2024"]
[Source "ChessBase"]
[SourceDate "2023.10.10"]
[SourceVersion "1"]
[SourceVersionDate "2023.10.10"]
[SourceQuality "1"]

1. d4 Nf6 2. Nf3 e6 3. c4 Bb4+ 4. Nbd2 0-0 5. Qb3 Bxd2+ 6. Bxd2 d6 7. e3 Nbd7 8. Bd3 e5 9. dxe5 dxe5 10. Qc2 Qe7 11. Be2 b6 12. 0-0 Bb7 13. Rfd1 Rfd8 14. Bc3 Ne4 15. Be1 c5 16. a3 Ng5 17. Nxg5 Qxg5 18. Bf1 Nf6 19. Rxd8+ Rxd8 20. Rd1 Ne8 21. Rxd8 Qxd8 22. Qd2 Qxd2 23. Bxd2 f6 24. b4 Kf7 25. Bd3 g6 26. Kf1 Ke6 27. f3 Nd6 28. e4 Ba6 29. b5 Bb7 30. a4 Ne8 31. Ke2 Ke7 32. a5 Nc7 33. Ke3 Ne6 34. a6 Bc8 35. Bc1 Nd4 36. Ba3 Kd6 37. Kd2 Nb3+ 38. Ke3 Nd4 39. Kf2 Bd7 40. Ke3 Bc8 1/2-1/2

[Event "Titled Tuesday intern op 22nd Nov Late"]
[Site "Chess.com INT"]
[Date "2022.11.22"]
[Round "8"]
[White "Lopez Gracia, Fernando"]
[Black "Young, Ryan"]
[Result "1/2-1/2"]
[WhiteElo "2259"]
[BlackElo "1888"]
[PlyCount "183"]
[EventDate "2022.11.22"]
[EventType "swiss (blitz)"]
[EventRounds "11"]
[EventCountry "USA"]
[SourceTitle "CBM 211 Extra"]
[Source "ChessBase"]
[SourceDate "2023.01.31"]
[SourceVersion "1"]
[SourceVersionDate "2023.01.31"]
[SourceQuality "1"]

1. c4 g6 2. e4 e5 3. Nf3 Bg7 4. d4 Nc6 5. Be3 d6 6. d5 Nce7 7. h4 Nf6 8. Nc3 0-0 9. Be2 Nd7 10. g4 a5 11. Nd2 b6 12. h5 Nc5 13. Qc2 Bd7 14. 0-0-0 Qc8 15. Rdg1 Rb8 16. f3 Qe8 17. Rg2 b5 18. cxb5 a4 19. Bxc5 dxc5 20. a3 Nc8 21. Rgh2 Nd6 22. hxg6 hxg6 23. Qxa4 Nxb5 24. Nxb5 Bxb5 25. Bxb5 Rxb5 26. Nc4 Qb8 27. Qc2 Rb3 28. Qd2 Rxf3 29. Rh8+ Bxh8 30. Qh6 Rf1+ 31. Rxf1 Bg7 32. Qh4 Qb3 33. Nd2 Qd3 34. Qf2 Bh6 35. Rh1 Bxd2+ 36. Qxd2 Qxe4 37. Qh6 Qf4+ 38. Qxf4 exf4 39. Rf1 g5 40. Re1 Rd8 41. Re5 f6 42. Rf5 Kf7 43. Kc2 Rd6 44. Kc3 Rd8 45. Kc4 Rb8 46. b4 cxb4 47. axb4 Re8 48. Kc5 Re3 49. Kc6 Rc3+ 50. Kd7 f3 51. b5 Kg6 52. d6 cxd6 53. b6 Rb3 54. Kc7 d5 55. Rxd5 f2 56. Rf5 Rb2 57. b7 Rc2+ 58. Kb8 Rb2 59. Kc8 Rc2+ 60. Kd7 Rd2+ 61. Kc6 Rc2+ 62. Kd6 Rd2+ 63. Ke7 Rb2 64. Rxf6+ Kg7 65. Rf7+ Kg6 66. Kf8 Rxb7 67. Rxf2 Rb8+ 68. Ke7 Rb7+ 69. Ke6 Rb6+ 70. Ke5 Rb5+ 71. Ke4 Rb4+ 72. Kf3 Rf4+ 73. Kg3 Rxf2 74. Kxf2 Kf6 75. Kf3 Kf7 76. Ke4 Kg8 77. Kf5 Kf8 78. Kxg5 Kg7 79. Kf4 Kf6 80. g5+ Kg6 81. Kg4 Kg7 82. Kf5 Kf7 83. Kf4 Kg6 84. Kg4 Kg7 85. Kh5 Kh7 86. g6+ Kg7 87. Kg5 Kg8 88. Kf5 Kg7 89. Kg5 Kg8 90. Kh6 Kh8 91. Kh5 Kg7 92. Kg5 1/2-1/2

[Event "Titled Tuesday intern op 22nd Nov Late"]
[Site "Chess.com INT"]
[Date "2022.11.22"]
[Round "5"]
[White "Palencia Morales, Wilson Guillermo"]
[Black "Young, Ryan"]
[Result "0-1"]
[WhiteElo "2260"]
[BlackElo "1888"]
[PlyCount "86"]
[EventDate "2022.11.22"]
[EventType "swiss (blitz)"]
[EventRounds "11"]
[EventCountry "USA"]
[SourceTitle "CBM 211 Extra"]
[Source "ChessBase"]
[SourceDate "2023.01.31"]
[SourceVersion "1"]
[SourceVersionDate "2023.01.31"]
[SourceQuality "1"]

1. d4 Nf6 2. c4 e6 3. Nf3 Bb4+ 4. Nbd2 0-0 5. g3 d6 6. Bg2 Nbd7 7. 0-0 e5 8. Nb1 exd4 9. a3 Bc5 10. b4 Bb6 11. Nxd4 Re8 12. Nc3 Nf8 13. Nb3 c6 14. Bf4 Bc7 15. h3 Ng6 16. Bg5 h6 17. Be3 Be6 18. Nd2 d5 19. cxd5 Nxd5 20. Nxd5 Bxd5 21. Nf3 Qd7 22. Qd2 Rad8 23. Rfd1 Qc8 24. Qc2 Bxf3 25. exf3 Bxg3 26. Rxd8 Qxd8 27. Rd1 Qc8 28. fxg3 Rxe3 29. a4 Qe6 30. f4 Re2 31. Qc5 Rxg2+ 32. Kxg2 Qe2+ 33. Qf2 Qxd1 34. Qxa7 Qd2+ 35. Kf3 Qxb4 36. h4 h5 37. f5 Qc3+ 38. Kg2 Qc2+ 39. Kg1 Qxf5 40. Qxb7 Qd5 41. Qb8+ Kh7 42. Qb2 Qd1+ 43. Kf2 Qxa4 0-1

[Event "Titled Tuesday intern op 22nd Nov Late"]
[Site "Chess.com INT"]
[Date "2022.11.22"]
[Round "11"]
[White "Reprintsev, Alexander"]
[Black "Young, Ryan"]
[Result "1-0"]
[WhiteElo "2330"]
[BlackElo "1888"]
[PlyCount "59"]
[EventDate "2022.11.22"]
[EventType "swiss (blitz)"]
[EventRounds "11"]
[EventCountry "USA"]
[SourceTitle "CBM 211 Extra"]
[Source "ChessBase"]
[SourceDate "2023.01.31"]
[SourceVersion "1"]
[SourceVersionDate "2023.01.31"]
[SourceQuality "1"]

1. e4 e5 2. f4 exf4 3. Bc4 c6 4. Nc3 Nf6 5. Bb3 Bb4 6. e5 Qe7 7. Qe2 Nh5 8. Qxh5 d6 9. Nf3 dxe5 10. Qxe5 0-0 11. Qxe7 Bxe7 12. d4 Bd6 13. 0-0 Bf5 14. Ne5 g5 15. g3 Bh3 16. Rf2 Bxe5 17. dxe5 fxg3 18. hxg3 Nd7 19. Ne4 h6 20. Nf6+ Nxf6 21. Rxf6 Kg7 22. Bd2 Rae8 23. Bc3 Be6 24. Raf1 Re7 25. Bb4 Rfe8 26. Bxe7 Rxe7 27. Bxe6 fxe6 28. Rf8 Kg6 29. Rb8 a5 30. g4 1-0

[Event "Titled Tuesday intern op 22nd Nov Late"]
[Site "Chess.com INT"]
[Date "2022.11.22"]
[Round "4"]
[White "Santos Flores, Alberto Javier"]
[Black "Young, Ryan"]
[Result "1-0"]
[WhiteElo "2164"]
[BlackElo "1888"]
[PlyCount "78"]
[EventDate "2022.11.22"]
[EventType "swiss (blitz)"]
[EventRounds "11"]
[EventCountry "USA"]
[SourceTitle "CBM 211 Extra"]
[Source "ChessBase"]
[SourceDate "2023.01.31"]
[SourceVersion "1"]
[SourceVersionDate "2023.01.31"]
[SourceQuality "1"]

1. d4 Nf6 2. Nf3 e6 3. c4 Bb4+ 4. Bd2 a5 5. g3 d6 6. Bg2 Nbd7 7. 0-0 Bxd2 8. Nbxd2 0-0 9. e4 e5 10. d5 Nc5 11. Ne1 b6 12. Qc2 Qe7 13. Nd3 Nfd7 14. Nxc5 Nxc5 15. Nb3 Nxb3 16. axb3 f5 17. b4 Bd7 18. bxa5 Rxa5 19. Rxa5 bxa5 20. c5 Bb5 21. Rc1 f4 22. cxd6 cxd6 23. Qc7 Qf6 24. Qxa5 Bd3 25. Qd2 Bb5 26. Bh3 h6 27. Rc8 Rxc8 28. Bxc8 fxg3 29. hxg3 Qf3 30. Bf5 Be8 31. Qb4 g6 32. Be6+ Kg7 33. Qxd6 Bb5 34. Qe7+ Kh8 35. Qd8+ Kg7 36. Qg8+ Kf6 37. Qf8+ Kg5 38. Qxf3 Be2 39. Qxe2 h5 1-0

[Event "Titled Tuesday intern op 22nd Nov Late"]
[Site "Chess.com INT"]
[Date "2022.11.22"]
[Round "1"]
[White "Sargsyan, Anna M"]
[Black "Young, Ryan"]
[Result "1-0"]
[WhiteElo "2384"]
[BlackElo "1888"]
[PlyCount "63"]
[EventDate "2022.11.22"]
[EventType "swiss (blitz)"]
[EventRounds "11"]
[EventCountry "USA"]
[SourceTitle "CBM 211 Extra"]
[Source "ChessBase"]
[SourceDate "2023.01.31"]
[SourceVersion "1"]
[SourceVersionDate "2023.01.31"]
[SourceQuality "1"]

1. d4 Nf6 2. c4 g6 3. g3 Bg7 4. Bg2 0-0 5. Nc3 d6 6. Nf3 Nc6 7. 0-0 e5 8. dxe5 dxe5 9. Bg5 Be6 10. Nd2 a6 11. Qc1 Re8 12. Nd5 Bxd5 13. cxd5 Nd4 14. Re1 h6 15. Bxf6 Qxf6 16. e3 Nb5 17. a4 Nd6 18. Qxc7 Rac8 19. Qb6 Rc2 20. Rad1 Rec8 21. b3 Bf8 22. Rf1 Qd8 23. Qxd8 Rxd8 24. Nf3 Bg7 25. Rc1 Rdc8 26. Rxc2 Rxc2 27. Rb1 Kf8 28. Kf1 Ke7 29. Ne1 Ra2 30. Nd3 b6 31. Nb4 a5 32. Nxa2 1-0

[Event "Titled Tuesday intern op 22nd Nov Late"]
[Site "Chess.com INT"]
[Date "2022.11.22"]
[Round "3"]
[White "Young, Ryan"]
[Black "Kleiman, Jake"]
[Result "0-1"]
[WhiteElo "1888"]
[BlackElo "2399"]
[PlyCount "108"]
[EventDate "2022.11.22"]
[EventType "swiss (blitz)"]
[EventRounds "11"]
[EventCountry "USA"]
[SourceTitle "CBM 211 Extra"]
[Source "ChessBase"]
[SourceDate "2023.01.31"]
[SourceVersion "1"]
[SourceVersionDate "2023.01.31"]
[SourceQuality "1"]

1. e4 e5 2. Nf3 Nc6 3. d4 exd4 4. Nxd4 Bb4+ 5. c3 Bc5 6. Be3 Bb6 7. Qd2 Nf6 8. f3 0-0 9. Na3 d5 10. Nxc6 bxc6 11. Bxb6 axb6 12. 0-0-0 Qe7 13. exd5 cxd5 14. Kb1 Bf5+ 15. Bd3 Qd7 16. Bxf5 Qxf5+ 17. Qd3 Qxd3+ 18. Rxd3 Rfe8 19. Rd2 c5 20. Nb5 Re7 21. Rhd1 h5 22. Nd6 g6 23. Nb5 Kg7 24. Na3 h4 25. g3 hxg3 26. hxg3 Rh8 27. Rf2 Rh3 28. g4 g5 29. Kc2 Re3 30. Rdf1 Kg6 31. Kd2 Re8 32. Nc2 Re6 33. a3 Nd7 34. Ne3 Nf6 35. Nf5 Rh8 36. Re2 Rhe8 37. Rh2 Ng8 38. Rfh1 Kf6 39. Nh6 Nxh6 40. Rxh6+ Ke5 41. Re1+ Kf4 42. Rexe6 Rxe6 43. Rxe6 fxe6 44. Ke2 c4 45. a4 e5 46. Kf2 e4 47. fxe4 dxe4 48. Ke2 Kxg4 49. b3 cxb3 50. Kd2 e3+ 51. Kxe3 b2 52. Kd4 b1Q 53. Kc4 Kf4 54. a5 bxa5 0-1

[Event "Titled Tuesday intern op 15th Nov Late"]
[Site "Chess.com INT"]
[Date "2022.11.15"]
[Round "10"]
[White "Marcolino, Daniel Mattos"]
[Black "Young, Ryan"]
[Result "0-1"]
[WhiteElo "2006"]
[BlackElo "1888"]
[PlyCount "90"]
[EventDate "2022.11.15"]
[EventType "swiss (blitz)"]
[EventRounds "11"]
[EventCountry "USA"]
[SourceTitle "CBM 211 Extra"]
[Source "ChessBase"]
[SourceDate "2023.01.31"]
[SourceVersion "1"]
[SourceVersionDate "2023.01.31"]
[SourceQuality "1"]

1. e4 e5 2. Nf3 d5 3. Nxe5 Bd6 4. d4 dxe4 5. Bc4 Bxe5 6. dxe5 Qxd1+ 7. Kxd1 Bg4+ 8. Be2 Bf5 9. g4 Bg6 10. h4 h6 11. Nc3 Nc6 12. Bb5 0-0-0+ 13. Ke2 Nxe5 14. Rg1 Ne7 15. Bf4 Nxg4 16. Rxg4 Bh5 17. Nxe4 Bxg4+ 18. f3 Bf5 19. a4 Bxe4 20. fxe4 Ng6 21. Bg3 c6 22. Bc4 Rhf8 23. Rf1 Nh8 24. Be5 f6 25. Be6+ Rd7 26. Bxd7+ Kxd7 27. Bd4 Re8 28. Kf3 b6 29. a5 c5 30. Bc3 Kc6 31. axb6 axb6 32. Rg1 Re7 33. h5 Nf7 34. Kf4 Ng5 35. Re1 Re6 36. e5 fxe5+ 37. Bxe5 Nf7 38. Re3 g6 39. hxg6 Rxg6 40. Bc3 Nd6 41. Kf3 Rg5 42. Re6 Rf5+ 43. Kg4 h5+ 44. Kg3 Rd5 45. Rh6 b5 0-1

[Event "Titled Tuesday intern op 15th Nov Late"]
[Site "Chess.com INT"]
[Date "2022.11.15"]
[Round "11"]
[White "Young, Ryan"]
[Black "Harish, Neeraj"]
[Result "0-1"]
[WhiteElo "1888"]
[BlackElo "1944"]
[PlyCount "76"]
[EventDate "2022.11.15"]
[EventType "swiss (blitz)"]
[EventRounds "11"]
[EventCountry "USA"]
[SourceTitle "CBM 211 Extra"]
[Source "ChessBase"]
[SourceDate "2023.01.31"]
[SourceVersion "1"]
[SourceVersionDate "2023.01.31"]
[SourceQuality "1"]

1. e4 c5 2. g3 g6 3. Bg2 Bg7 4. Ne2 Nc6 5. 0-0 e5 6. c3 Nge7 7. d3 0-0 8. Be3 d6 9. Nd2 f5 10. f4 fxe4 11. Nxe4 exf4 12. Bxf4 Be5 13. Bxe5 Nxe5 14. d4 cxd4 15. cxd4 Nc4 16. Qb3 d5 17. Nf6+ Kg7 18. Nxd5 Rxf1+ 19. Bxf1 Qxd5 20. Qc3 Nd6 21. Nf4 Qc6 22. Qb3 Bf5 23. Re1 Re8 24. Bg2 Qb6 25. Qc3 Nc6 26. Rxe8 Nxe8 27. Bxc6 Qxc6 28. Qa3 Nd6 29. d5 Qc1+ 30. Kg2 Qd2+ 31. Kg1 Qd1+ 32. Kg2 Be4+ 33. Kf2 Qd4+ 34. Kf1 Nf5 35. d6 Qd1+ 36. Kf2 Qd2+ 37. Kf1 Ne3+ 38. Kg1 Qe1# 0-1

[Event "Titled Tuesday intern op 08th Nov Late"]
[Site "Chess.com INT"]
[Date "2022.11.08"]
[Round "1"]
[White "Young, Ryan"]
[Black "Brodowski, Piotr"]
[Result "0-1"]
[WhiteElo "1888"]
[BlackElo "2455"]
[PlyCount "96"]
[EventDate "2022.11.08"]
[EventType "swiss (blitz)"]
[EventRounds "11"]
[EventCountry "USA"]
[SourceTitle "EXT 2024"]
[Source "ChessBase"]
[SourceDate "2023.10.10"]
[SourceVersion "1"]
[SourceVersionDate "2023.10.10"]
[SourceQuality "1"]

1. e4 d6 2. d4 g6 3. Nc3 Bg7 4. Nf3 a6 5. a4 Nd7 6. Bc4 e6 7. h3 Ne7 8. Qe2 0-0 9. 0-0 b6 10. e5 Bb7 11. exd6 cxd6 12. Be3 Nf5 13. Rad1 Qc7 14. Bb3 Rac8 15. Rfe1 Nf6 16. Bg5 Rfe8 17. Qd3 h6 18. Be3 Bxf3 19. gxf3 Qb7 20. d5 e5 21. Ne4 Nh5 22. c3 Ra8 23. Ra1 Qe7 24. Kh2 Qh4 25. Rg1 Nf4 26. Bxf4 Qxf4+ 27. Kh1 Qh4 28. Kh2 Qe7 29. Bc2 Nh4 30. Qe2 f5 31. Ng3 Qf6 32. Rad1 e4 33. fxe4 f4 34. Nf1 f3 35. Qe3 Ng2 36. Qxb6 Qf4+ 37. Ng3 h5 38. Rd4 Bxd4 39. Qxd4 h4 40. Qb6 hxg3+ 41. fxg3 Qe5 42. Qc7 Re7 43. Qc6 Rf8 44. Rf1 Ne3 45. Rf2 Ng4+ 46. hxg4 Rh7+ 47. Kg1 Qxg3+ 48. Kf1 Rh1# 0-1